000 00430nam a2200157Ia 4500
008 240729s9999 xx 000 0 und d
022 _a1678-4790
245 0 _aJournal of the Brazilian Chemical Society
260 _aBrazil
260 _bSociedade Brasileira de Química
650 _a Chemistry
650 _aScience
856 _uhttps://doaj.org/toc/17ea16d060d041449543873c9c5bf2a3
942 _2ddc
942 _cDOAJEJ
999 _c74797
_d74797
945 _a1
_bMadushi Gamage
_c1
_dMadushi Gamage